[Event "KOMBI 10/2023, Nr.12"]
[Site "Online, Julius Baer Div-1 2023"]
[Date "2023.09.01"]
[Round "52.1"]
[White "Caruana, Fabiano"]
[Black "Abdusattorov, Nodirbek"]
[Result "1-0"]
[WhiteElo "2782"]
[BlackElo "2725"]
[Annotator "ChessBase"]
[PlyCount "37"]
[EventDate "2023.07.10"]
[EventType "k.o."]
[EventCountry "NET"]
[SourceTitle "playchess.com"]
[Source "ChessBase"]
[SourceQuality "1"]

{[%evp 0,37,26,15,52,55,63,57,63,74,72,48,36,36,70,64,68,71,93,66,78,61,73,63,53,-37,-52,21,10,10,55,70,41,35,210,232,269,264,372,380]} 1. e4 c5 2. Nf3 Nf6 3. e5 Nd5 4. Nc3 e6 5. Ne4 f5 6. Nc3 Nxc3 7. dxc3 Nc6 8. Bf4 Qc7 9. Bd3 b6 10. Qe2 a6 11. O-O-O b5 {[#] Weiß am Zug  An dieser Stelle wäre ein ansteigender Trommelwirbel durchaus passend.} 12. g4 $3 c4 13. Bxf5 exf5 14. gxf5 Bb7 15. Ng5 Ne7 16. Rhe1 Nxf5 17. Nf7 $1 g6 (17... Rg8 18. Nd6+) 18. Nxh8 Bg7 19. Nf7 1-0

[Event "FIDE World Cup 2023"]
[Site "Baku AZE"]
[Date "2023.08.06"]
[Round "3.2"]
[White "Donchenko, Alexa"]
[Black "Maghsoodloo, Parham"]
[Result "1/2-1/2"]
[WhiteElo "2668"]
[BlackElo "2719"]
[PlyCount "180"]
[EventDate "2023.07.30"]
[EventType "k.o."]
[EventRounds "8"]
[EventCountry "AZE"]
[SourceTitle "The Week in Chess 1500"]
[Source "Mark Crowther"]
[SourceDate "2023.08.07"]
[SourceVersion "1"]
[SourceVersionDate "2023.08.07"]
[SourceQuality "2"]

1. c4 e6 2. Nc3 d5 3. d4 Nf6 4. cxd5 Nxd5 5. e4 Nxc3 6. bxc3 c5 7. Rb1 Be7 8. Nf3 O-O 9. h4 b6 10. h5 h6 11. Rh3 Nd7 12. Rg3 Kh8 13. Qd2 Rg8 14. Qf4 Qf8 15. e5 Bb7 16. Bd3 cxd4 17. cxd4 Rc8 18. Kf1 Rc3 19. Qd2 Qc8 20. Kg1 Nf8 21. Bb2 Rc7 22. Re1 Bd5 23. a3 Nh7 24. Bb1 Qa6 25. Qf4 Qb5 26. Qd2 Rgc8 27. Kh2 Nf8 28. Bd3 Qa5 29. Qe3 Nh7 30. Bc1 Rg8 31. Bb1 Bxf3 32. Rxf3 Bg5 33. Qd3 Nf8 34. Qf1 f5 35. exf6 Bxf6 36. Bf4 Rc3 37. Rxc3 Qxc3 38. Qe2 Bxd4 39. Rc1 Qb2 40. Qxb2 Bxb2 41. Rc7 a5 42. Rb7 Bd4 43. f3 e5 44. Bc1 Ne6 45. Bf5 Nc5 46. Rxb6 Nd3 47. Rc6 Nxc1 48. Rxc1 Bb2 49. Rc5 Bxa3 50. Rxa5 Be7 51. Kh3 Bf6 52. Kg4 Rd8 53. Be4 Kg8 54. Kf5 Rf8 55. Bd5+ Kh7 56. Ra7 Rd8 57. Be4 Rf8 58. Rb7 Kh8 59. Bd5 Kh7 60. Bf7 Rd8 61. g4 Rf8 62. Ke6 Kh8 63. Bg6 Kg8 64. Ra7 Kh8 65. Ra6 Kg8 66. Kd7 Rd8+ 67. Kc7 Rf8 68. Re6 Kh8 69. Be8 Kg8 70. Kd6 Kh8 71. Kd5 Kg8 72. Ke4 Kh8 73. Bg6 Kg8 74. Rb6 Kh8 75. Rb7 Kg8 76. Bf5 Kh8 77. Be6 Kh7 78. Kf5 Rd8 79. Bf7 Rf8 80. Ra7 Rd8 81. Ra6 Rb8 82. Re6 Rd8 83. Rb6 Rc8 84. Bd5 Rd8 85. Be4 Rf8 86. Rb7 Kh8 87. Bd5 Kh7 88. Be6 Rd8 89. Bd7 Rf8 90. Ba4 Kh8 1/2-1/2

[Event "World Rapid Team 2023"]
[Site "Dusseldorf GER"]
[Date "2023.08.27"]
[Round "7.2"]
[White "Dubov, Daniil"]
[Black "Grischuk, Alexander"]
[Result "1-0"]
[WhiteElo "2716"]
[BlackElo "2736"]
[Annotator "frank"]
[PlyCount "67"]
[EventDate "2023.08.26"]
[EventType "rapid"]
[WhiteTeam "Freedom"]
[BlackTeam "ASV AlphaEchecs Linz"]

{[%evp 0,67,28,28,27,26,35,-17,-10,-17,-1,-12,8,9,19,6,-6,-6,1,-23,-9,-35,-40,-16,19,37,-36,-42,71,25,25,34,43,50,45,0,101,81,80,91,103,105,97,94,98,94,100,61,68,63,60,55,72,65,69,55,42,-6,41,43,41,0,-27,-33,71,86,146,110,212,240]} 1. d4 Nf6 2. Nf3 d5 3. c4 e6 4. g3 Be7 5. Bg2 O-O 6. O-O dxc4 7. Qc2 a6 8. a4 Bd7 9. Bg5 (9. Qxc4 Bc6) 9... Bc6 10. Rd1 $5 b5 11. Bxf6 (11. Nc3 Nbd7 12. Bxf6 Nxf6) 11... Bxf6 12. Nc3 Qe8 (12... Nd7 13. Ng5) 13. d5 Bxd5 $6 (13... exd5 14. Nd4 Qe5) 14. axb5 (14. Nxd5 exd5 15. axb5 c6 $1) 14... Bxc3 {[#]} (14... Bxf3 15. Bxf3) (14... axb5 15. Nxd5 {Figurenverlust} exd5) 15. Ng5 {[#]} g6 16. Qxc3 Qxb5 (16... axb5) 17. Nxf7 $5 (17. Ra5 Qb3 18. Qxb3 cxb3 19. Nxe6 $3 fxe6 20. Raxd5 exd5 21. Bxd5+ Kg7 22. Bxa8 c6 23. Rd3) 17... Kxf7 (17... Rxf7 18. e4 Bb7 (18... c6 19. exd5 cxd5 $44) 19. Rd8+ Rf8 20. Rxf8+ Kxf8 21. Qf6+) 18. Ra5 Qb3 19. Qxb3 cxb3 20. Rdxd5 {[#]} Ke7 $2 (20... exd5 21. Bxd5+ Ke7 22. Bxa8 c6) 21. Rd3 Ra7 22. Rxb3 Nd7 23. Bh3 Rb8 $1 24. Rxb8 Nxb8 25. Re5 Rb7 26. Rxe6+ Kd8 $5 27. Rf6 Rxb2 28. Rf7 {[#]} Rxe2 $6 (28... a5 29. Rxh7 a4 30. Be6 a3) 29. Rxh7 a5 30. Rg7 $5 (30. Rh8+ Re8 31. Rh6 a4 32. Rh4) 30... a4 31. Bf1 {[#]} Re8 $2 (31... a3 $1 32. Bxe2 a2 33. Rg8+ Ke7 34. Rxb8 a1=Q+ 35. Kg2) 32. Rxg6 Nd7 33. Bb5 Re4 $2 34. Rg8+ 1-0

[Event "FIDE World Cup 2023"]
[Site "Baku AZE"]
[Date "2023.08.03"]
[Round "2.2"]
[White "Fridman, D."]
[Black "Vitiugov, N."]
[Result "1/2-1/2"]
[WhiteElo "2586"]
[BlackElo "2720"]
[PlyCount "90"]
[EventDate "2023.07.30"]
[EventType "k.o."]
[EventRounds "8"]
[EventCountry "AZE"]
[SourceTitle "The Week in Chess 1500"]
[Source "Mark Crowther"]
[SourceDate "2023.08.07"]
[SourceVersion "1"]
[SourceVersionDate "2023.08.07"]
[SourceQuality "2"]

1. Nf3 d5 2. g3 Nf6 3. Bg2 e6 4. O-O Be7 5. c4 O-O 6. b3 c5 7. e3 Nc6 8. Bb2 d4 9. exd4 cxd4 10. Re1 Bc5 11. Ne5 Nxe5 12. Rxe5 Qd6 13. Rxc5 Qxc5 14. Ba3 Qb6 15. Bxf8 Kxf8 16. d3 e5 17. Nd2 Bg4 18. Qe1 Re8 19. Ne4 Re7 20. Nxf6 Qxf6 21. Qa5 b6 22. Qd5 Bf5 23. Rd1 g6 24. b4 Kg7 25. c5 Rd7 26. Qc4 Rc7 27. c6 Be6 28. Qc2 Bg4 29. Re1 h5 30. b5 Qd6 31. Qd2 Re7 32. Qb2 Bf5 33. Be4 Bg4 34. a4 h4 35. Rc1 Rc7 36. gxh4 Qf6 37. Qd2 Qxh4 38. f4 Bh3 39. fxe5 Re7 40. Bg2 Bxg2 41. Qxg2 Rxe5 42. c7 Rg5 43. c8=Q Rxg2+ 44. Kxg2 Qg5+ 45. Kh1 Qd5+ 1/2-1/2

[Event "Spilimbergo 2023 - Master "]
[Site "Spilimbergo"]
[Date "2023.08.14"]
[Round "8.8"]
[White "Godena, Michele"]
[Black "Schneider, Jana"]
[Result "0-1"]
[WhiteElo "2446"]
[BlackElo "2281"]
[PlyCount "74"]
[EventDate "2023.08.09"]
[EventRounds "9"]
[EventCountry "ITA"]

1. e4 e5 2. Nf3 Nc6 3. Bc4 Nf6 4. d3 Be7 5. O-O O-O 6. Re1 d6 7. a3 Nd7 8. Be3 Nb6 9. Ba2 Kh8 10. d4 f5 11. exf5 Bxf5 12. dxe5 Nxe5 13. Nxe5 dxe5 14. Nc3 Qxd1 15. Raxd1 Bxc2 16. Rd2 Bg6 17. Nb5 Rad8 18. Rxd8 Bxd8 19. Rc1 c6 20. Bc5 Bg5 21. Rd1 Rb8 22. Nc3 Rd8 23. Rxd8+ Bxd8 24. Be6 Bd3 25. f3 Bc4 26. Bf5 Kg8 27. Bd6 Bf7 28. Bxe5 Nc4 29. Bd4 Nxb2 30. Bxa7 b6 31. Be4 Be8 32. Kf2 Nc4 33. a4 Bc7 34. Bf5 Nd6 35. Be6+ Kf8 36. Ne4 Ke7 37. Bg8 Nc8 0-1

[Event "World Rapid Team 2023"]
[Site "Dusseldorf GER"]
[Date "2023.08.27"]
[Round "5.5"]
[White "Hou, Yifan"]
[Black "Shuvalova, Polina"]
[Result "1-0"]
[WhiteElo "2628"]
[BlackElo "2496"]
[Annotator "frank"]
[PlyCount "80"]
[EventDate "2023.08.26"]
[EventType "rapid"]
[WhiteTeam "WR Chess"]
[BlackTeam "Freedom"]

{[%evp 0,80,34,7,42,44,72,14,59,57,78,41,11,20,99,21,28,16,15,23,28,33,19,31,28,29,38,27,41,12,13,12,44,5,9,0,14,5,11,-25,16,-17,48,23,55,47,48,67,55,36,34,41,41,38,41,28,22,5,51,26,35,24,42,39,51,38,73,20,35,17,44,-5,40,48,58,0,0,0,22,40,591,620,1284]} 1. e4 d5 2. exd5 Qxd5 3. d4 Nc6 4. Nf3 Bg4 5. Be2 O-O-O 6. Nc3 Qf5 7. h3 Bxf3 8. Bxf3 Nf6 9. Bxc6 Qe6+ 10. Be4 Nxe4 11. O-O Nxc3 12. bxc3 Qc6 13. Qd3 e6 14. Bg5 Rd5 15. Bd2 Be7 16. Rfe1 Bf6 17. a4 Kb8 18. a5 a6 19. Be3 h5 20. Reb1 Ka8 21. Rb4 g5 22. c4 Rd7 23. Rab1 Rb8 24. c3 g4 25. h4 Be7 (25... Bxh4) 26. R4b2 Bf6 27. g3 Qf3 28. c5 Qc6 29. Qc4 Rd5 30. Rb4 Bg7 31. Qe2 Rd7 32. Qf1 f5 33. Bf4 {[#]} e5 $1 34. dxe5 Rd5 35. e6 Rxc5 36. e7 Bxc3 37. Bxc7 $5 (37. R4b3) 37... Bxb4 (37... Qxc7 38. Qxa6+ bxa6 39. Rxb8+ Qxb8 40. Rxb8+ Kxb8 41. e8=Q+) 38. Bxb8 Kxb8 39. Rxb4 {[#]} Re5 (39... Qe6 40. Qxa6 Qxa6 41. e8=Q+ Ka7 $14) 40. Qd1 $1 Re6 1-0

[Event "FIDE World Cup 2023"]
[Site "Baku AZE"]
[Date "2023.07.30"]
[Round "1.1"]
[White "Huschenbeth, N."]
[Black "Rakotomaharo, Fy Antenaina"]
[Result "1-0"]
[WhiteElo "2603"]
[BlackElo "2463"]
[PlyCount "69"]
[EventDate "2023.07.30"]
[EventType "k.o."]
[EventRounds "8"]
[EventCountry "AZE"]
[SourceTitle "The Week in Chess 1499"]
[Source "Mark Crowther"]
[SourceDate "2023.07.31"]
[SourceVersion "1"]
[SourceVersionDate "2023.07.31"]
[SourceQuality "2"]

1. e4 c5 2. Nf3 e6 3. d4 cxd4 4. Nxd4 Nf6 5. Nc3 Nc6 6. Ndb5 Bc5 7. Nd6+ Ke7 8. Bf4 e5 9. Nf5+ Kf8 10. Bg5 d6 11. Ne3 h6 12. Bxf6 Qxf6 13. Bc4 Be6 14. O-O Kg8 15. Ncd5 Qd8 16. c3 Rc8 17. Qd3 Na5 18. Bb3 Kh7 19. Nf5 Re8 20. Ba4 Nc6 21. b4 Bxf5 22. exf5 e4 23. Qh3 Bb6 24. f6 Re5 25. Nxb6 axb6 26. fxg7 Kxg7 27. f3 e3 28. f4 Re8 29. Rae1 b5 30. Bxb5 Qb6 31. Be2 Ne7 32. f5 Kh7 33. f6 Ng6 34. Rf5 d5 35. Qxh6+ 1-0

[Event "Women's World Teams Final"]
[Site "Bydgoszcz POL"]
[Date "2023.09.11"]
[Round "3.1"]
[White "Javakhishvili, L.."]
[Black "Kairbekova, Amina"]
[Result "1-0"]
[WhiteElo "2446"]
[BlackElo "2212"]
[Annotator "Borik"]
[PlyCount "102"]
[EventDate "2023.09.09"]
[EventType "team-k.o. (rapid)"]
[EventRounds "3"]
[EventCountry "POL"]
[SourceTitle "The Week in Chess 1505"]
[Source "Mark Crowther"]
[SourceDate "2023.09.11"]
[SourceVersion "1"]
[SourceVersionDate "2023.09.11"]
[SourceQuality "2"]
[WhiteTeam "Georgia"]
[BlackTeam "Kazakhstan"]
[WhiteTeamCountry "GEO"]
[BlackTeamCountry "KAZ"]

{[%evp 0,102,19,13,24,-10,37,43,44,44,32,33,31,34,71,53,58,35,72,70,67,66,70,63,55,60,54,38,51,51,77,76,79,86,90,90,160,147,125,111,117,100,94,56,105,97,179,118,120,120,142,112,121,109,109,95,123,114,144,113,132,124,142,164,183,205,201,90,104,96,97,110,110,103,110,109,195,194,201,141,139,139,247,252,240,202,256,289,284,253,274,296,348,373,373,329,465,459,500,490,497,520,543,547,547]} 1. d4 Nf6 2. c4 g6 3. Nc3 Bg7 4. e4 d6 5. Nf3 O-O 6. Be2 Na6 7. O-O e5 8. Be3 Qe7 9. dxe5 dxe5 10. Nd5 Qd8 11. Qc2 c6 12. Nxf6+ Qxf6 13. Bg5 Qe6 14. c5 Nc7 15. Rfd1 Bd7 16. Qd2 Bc8 17. Qa5 b6 18. cxb6 axb6 19. Qxb6 Ba6 20. Bxa6 Nxa6 21. b3 h6 22. Bd2 f5 23. Bc3 fxe4 24. Nd2 Qf5 25. Qe3 Nc7 26. Nxe4 Nd5 27. Qe2 Kh8 28. g3 h5 29. Rac1 h4 30. Ba1 h3 31. a4 Rab8 32. Rxc6 Rxb3 33. Rc5 Ne3 34. Nd6 Qxf2+ 35. Qxf2 Rxf2 36. Kxf2 Nxd1+ 37. Ke2 Rb1 38. Bxe5 Bxe5 39. Nf7+ Kg7 40. Nxe5 Nb2 41. a5 Na4 42. Rc4 Rb2+ 43. Kf3 Rb3+ 44. Kg4 Nc3 45. Rc6 Ne4 46. Rxg6+ Kh7 47. Rb6 Nf2+ 48. Kf5 Ra3 49. a6 Ra5 50. Rb7+ Kh6 51. a7 Nd1 1-0

[Event "Women's World Teams Final"]
[Site "Bydgoszcz POL"]
[Date "2023.09.11"]
[Round "3.2"]
[White "Kamalidenova, Meruert"]
[Black "Arabidze, M.."]
[Result "0-1"]
[WhiteElo "2351"]
[BlackElo "2440"]
[Annotator "Borik"]
[PlyCount "96"]
[EventDate "2023.09.09"]
[EventType "team-k.o. (rapid)"]
[EventRounds "3"]
[EventCountry "POL"]
[SourceTitle "The Week in Chess 1505"]
[Source "Mark Crowther"]
[SourceDate "2023.09.11"]
[SourceVersion "1"]
[SourceVersionDate "2023.09.11"]
[SourceQuality "2"]
[WhiteTeam "Kazakhstan"]
[BlackTeam "Georgia"]
[WhiteTeamCountry "KAZ"]
[BlackTeamCountry "GEO"]

{[%evp 0,96,19,38,25,7,30,29,28,3,-1,-1,20,-10,-4,2,16,-27,-20,-16,-14,-3,0,-4,27,-1,-15,-17,29,25,66,47,46,64,47,41,48,42,82,77,56,29,19,7,12,-11,-13,-20,-10,-33,-22,-22,6,19,45,53,100,81,48,51,85,33,11,22,22,20,20,1,2,9,22,-75,-82,-83,-84,-108,-118,-132,-153,-157,-112,-117,-159,-181,-228,-533,-826,-854,-386,-411,-444,-502,-506,-506,-514,-525,-550,-599,-601]} 1. e4 e5 2. Nf3 Nc6 3. Bb5 a6 4. Ba4 Nf6 5. O-O Be7 6. Re1 b5 7. Bb3 d6 8. c3 O-O 9. h3 Na5 10. Bc2 c5 11. d4 Qc7 12. Nbd2 cxd4 13. cxd4 Nc6 14. a3 a5 15. d5 Nb8 16. Bd3 Bd7 17. Nf1 Na6 18. Be3 Qb7 19. Ng3 Rfc8 20. Qd2 Nc5 21. Bc2 a4 22. Re2 Bd8 23. Ne1 Bb6 24. Kh2 Ba5 25. Qd1 Ne8 26. f4 b4 27. axb4 Qxb4 28. fxe5 dxe5 29. Bxc5 Qxc5 30. Nd3 Qe7 31. Bxa4 Bg4 32. Bc6 Ra7 33. b4 Bb6 34. Rxa7 Bxa7 35. Qe1 Bxe2 36. Qxe2 g6 37. Qg4 Nd6 38. Nf1 h5 39. Qf3 Rf8 40. Nd2 Qg5 41. Nf1 {[#]} f5 42. Nxe5 fxe4 43. Qg3 Qxg3+ 44. Nxg3 h4 45. Ne2 Rf2 46. Nc3 Bd4 47. Ng4 e3 48. Nb5 e2 0-1

[Event "FIDE World Cup 2023"]
[Site "Baku AZE"]
[Date "2023.08.06"]
[Round "3.2"]
[White "Keymer, Vincent"]
[Black "Tabatabaei, M."]
[Result "1-0"]
[WhiteElo "2690"]
[BlackElo "2689"]
[PlyCount "87"]
[EventDate "2023.07.30"]
[EventType "k.o."]
[EventRounds "8"]
[EventCountry "AZE"]
[SourceTitle "The Week in Chess 1500"]
[Source "Mark Crowther"]
[SourceDate "2023.08.07"]
[SourceVersion "1"]
[SourceVersionDate "2023.08.07"]
[SourceQuality "2"]

1. d4 Nf6 2. c4 g6 3. Nf3 Bg7 4. g3 O-O 5. Bg2 d6 6. Nc3 Nbd7 7. O-O e5 8. e4 exd4 9. Nxd4 Re8 10. h3 Nc5 11. Re1 h6 12. Rb1 a5 13. b3 c6 14. Rb2 d5 15. cxd5 cxd5 16. Ndb5 Ncxe4 17. Nxe4 Nxe4 18. Rc2 Be6 19. Bxe4 dxe4 20. Qxd8 Raxd8 21. Nc7 Re7 22. Ba3 Rxc7 23. Rxc7 Rd2 24. Bc1 Rxa2 25. Rxb7 Bc3 26. Rd1 Ra1 27. Kg2 Kh7 28. Rd6 Bxb3 29. Rxb3 Rxc1 30. Rb7 Kg7 31. Rdd7 Kf6 32. Rxf7+ Ke5 33. Rbc7 a4 34. Rfe7+ Kd5 35. Rcd7+ Kc5 36. Ra7 Ra1 37. Rxe4 a3 38. Re6 Bd4 39. Rea6 Ra2 40. h4 Rxf2+ 41. Kh3 Bb2 42. Rxg6 h5 43. Rg5+ Kb6 44. Ra4 1-0

[Event "Women's World Teams Final"]
[Site "Bydgoszcz POL"]
[Date "2023.09.11"]
[Round "3.2"]
[White "Khotenashvili, B.."]
[Black "Assaubayeva, Bibisara"]
[Result "1-0"]
[WhiteElo "2480"]
[BlackElo "2469"]
[Annotator "Borik"]
[PlyCount "101"]
[EventDate "2023.09.09"]
[EventType "team-k.o. (rapid)"]
[EventRounds "3"]
[EventCountry "POL"]
[SourceTitle "The Week in Chess 1505"]
[Source "Mark Crowther"]
[SourceDate "2023.09.11"]
[SourceVersion "1"]
[SourceVersionDate "2023.09.11"]
[SourceQuality "2"]
[WhiteTeam "Georgia"]
[BlackTeam "Kazakhstan"]
[WhiteTeamCountry "GEO"]
[BlackTeamCountry "KAZ"]

{[%evp 0,101,19,13,24,-10,43,9,8,18,14,16,15,-3,30,23,12,12,12,15,18,27,17,10,1,7,18,4,-4,3,6,27,25,35,35,35,33,-44,0,0,30,34,34,39,44,59,102,113,114,109,104,106,106,147,140,179,197,170,159,193,178,140,217,170,198,220,313,301,432,262,256,226,240,222,224,224,218,213,255,200,200,199,199,206,206,219,225,226,251,260,260,218,260,228,228,413,29989,29990,29991,29980,29981,29982,29993,29988]} 1. d4 Nf6 2. c4 g6 3. g3 Bg7 4. Bg2 O-O 5. Nc3 Nc6 6. Nf3 d5 7. cxd5 Nxd5 8. O-O Nb6 9. e3 Re8 10. h3 a5 11. Qc2 a4 12. Rd1 Bd7 13. e4 Qc8 14. Kh2 e5 15. dxe5 Nxe5 16. Nxe5 Rxe5 17. f4 Rh5 18. h4 Bg4 19. Rd3 Rc5 20. Be3 Rc4 21. Rc1 Qe8 22. Qd2 Rc8 23. b3 axb3 24. axb3 Rxc3 25. Rcxc3 Bxc3 26. Qxc3 Nd7 27. Bc1 Qe7 28. Bb2 f6 29. e5 fxe5 30. Bxb7 Re8 31. Bc6 Be6 32. Qd2 Nc5 33. Ba3 Rb8 34. Qe3 exf4 35. Qxc5 fxg3+ 36. Kxg3 Qxc5 37. Bxc5 Rxb3 38. Rxb3 Bxb3 39. Kf4 h6 40. Ke5 Kg7 41. Bf3 Bc4 42. Be7 Bb3 43. Bd8 c5 44. Be7 c4 45. Bf6+ Kh7 46. Kd6 Bc2 47. Ke7 Bb3 48. Bd5 g5 49. h5 Bd1 50. Bf7 c3 51. Bxc3 1-0

[Event "FIDE World Cup 2023"]
[Site "Baku AZE"]
[Date "2023.08.04"]
[Round "2.7"]
[White "Kollars, Dmitrij"]
[Black "Ponomariov, R."]
[Result "0-1"]
[WhiteElo "2618"]
[BlackElo "2664"]
[PlyCount "128"]
[EventDate "2023.07.30"]
[EventType "k.o."]
[EventRounds "8"]
[EventCountry "AZE"]
[SourceTitle "The Week in Chess 1500"]
[Source "Mark Crowther"]
[SourceDate "2023.08.07"]
[SourceVersion "1"]
[SourceVersionDate "2023.08.07"]
[SourceQuality "2"]

1. e4 e5 2. Nf3 Nc6 3. Bc4 Bc5 4. c3 Nf6 5. d3 d6 6. O-O a5 7. Re1 O-O 8. h3 Be6 9. Bb5 Ba7 10. Be3 Bxe3 11. Rxe3 Bd7 12. Nbd2 h6 13. a4 Ne7 14. d4 Ng6 15. Qc2 Re8 16. Rd1 c6 17. Bf1 Qc7 18. dxe5 dxe5 19. Nc4 Be6 20. Ree1 Red8 21. g3 Rab8 22. Kh2 Rxd1 23. Rxd1 b5 24. axb5 cxb5 25. Ne3 Qc6 26. Nd2 a4 27. Qd3 b4 28. c4 Qc5 29. Ra1 Bd7 30. Kg1 Ne7 31. Nd5 Nexd5 32. exd5 Re8 33. Bg2 g6 34. Qf3 Qe7 35. c5 e4 36. Qe3 Nxd5 37. Qd4 Nf6 38. Qxb4 e3 39. fxe3 Qxe3+ 40. Kh2 Rc8 41. Rf1 Kg7 42. Qb6 Qd4 43. Nc4 Be6 44. Nd6 Rxc5 45. Rc1 Rd5 46. Qxd4 Rxd4 47. Nb7 Rd2 48. Nc5 Bd5 49. Rg1 Bc6 50. Kh1 Bb5 51. Ra1 Nh5 52. g4 Nf4 53. Bf1 Bxf1 54. Rxf1 Nxh3 55. Nxa4 Nf2+ 56. Kg2 Nxg4+ 57. Kg3 Ne3 58. Rb1 Nd5 59. Nc5 Rd4 60. Na6 Ra4 61. Nc5 Rb4 62. Kf3 h5 63. Nd3 Rb3 64. Ke4 Nc3+ 0-1

[Event "Württemberg - Rheinland-Pfalz 3,5:0,5"]
[Site "?"]
[Date "2023.08.17"]
[Round "5.4"]
[White "Kottke, Markus"]
[Black "Kargoll, Peter"]
[Result "1-0"]
[WhiteElo "2201"]
[BlackElo "2114"]
[Annotator "Markus Kottke"]
[PlyCount "113"]
[EventDate "2023.??.??"]

1. e4 e6 2. d4 d5 3. Nc3 Be7 {eine Spezialität meines Gegners} 4. Nf3 Nf6 5. Bd3 b6 {Jetzt möchte Schwarz als nächstes gerne auf dxe4 nehmen, denn nun steht er bereit für ein schnelles Lb7.} (5... dxe4 {An dieser Stelle führt das Nehmen auf e4 noch zu einer für Schwarz unangenehmen Version des Rubinstein-Franzosen} 6. Nxe4 {denn} b6 {scheitert jetzt an} 7. Nxf6+ Bxf6 8. Be4) 6. e5 $1 Nfd7 7. Ne2 Ba6 8. Bxa6 Nxa6 9. c3 c5 10. h4 h6 {wehrt sich gegen den Abtausch der schwarzfeldrigen Läufer, den Weiß in solchen Stellungen gerne anstrebt} 11. a3 b5 12. Rh3 {Weiß hat Pläne am Königsflügel, währenddessen tut sich Schwarz schwer, seine Figuren zu sortieren.} Qb6 13. Rg3 g6 14. Be3 O-O-O 15. Qc1 {Weiß beginnt, Schwächen am Königsflügel unter Beschuss zu nehmen. Wunschziele sind h6 und f7.} Bf8 16. b4 (16. dxc5 {Ideen mit Springerfesselung sind zwar hübsch, scheitern aber konkret an Springergabeln} Naxc5 17. b4 Nd3+) 16... c4 17. a4 Nc7 18. axb5 Nxb5 {Weiß hat sich eine geschlossene Stellung verdient, in der Schwarz sehr wenig machen kann. Ein schöner Plan wäre nun Sh2, um h6-h5 zu provozieren, und dann Sh2-f3-g5 samt Tf3, um gegen f7 zu schießen.} 19. Nh2 Be7 20. Nf3 (20. Bxh6 {Der weiße Plan funktioniert nicht so glatt wie erhofft. Nach beispielsweise} Bxh4 21. Rh3 {läuft Weiß in den Hammer} Nxe5 $1 {mit den Ideen} 22. Rxh4 (22. dxe5 Qxf2+) 22... Nd3+) 20... Bf8 21. Kf1 {Weiß möchte lieber noch in Ruhe Vorbereitungen gegen Th1+ treffen, bevor eventuell die h-Linie aufgeht.} Kc7 $6 22. Ra2 $6 {zu ruhig und passiv gedacht.} (22. Nh2 Be7 23. Bxh6 Bxh4 24. Rh3 {funktioniert jetzt ganz konkret wegen Kc7?! viel besser} Be7 (24... Nxe5 25. Qf4 $1) 25. Qf4 {[%csl Gf7]} Rh7 26. Nf3 {[%cal Gf3g5,Gh6g5] mit wunderbarem weißem Figurendruck am Königsflügel}) 22... Ra8 23. Qa1 $6 {Dass Weiß sich in aller Ruhe damit beschäftigt, a7-a5 zu erschweren, ist ein Zeitverlust, den die Dame würde lieber am Königsflügel mithelfen.} Nb8 {Schwarz verfolgt ruhig seinen Plan weiter am Damenflügel, a5 durchzusetzen, und hofft, dass Weiß am Königsflügel nicht zu schnell etwas zustandebringt.} 24. Nh2 a6 25. Rf3 Rh7 26. Ng4 $2 {verpasst eine schöne Chance} (26. h5 $1 $18 {, jetzt sofort und nicht erst einen Zug später, nimmt die schwarze Stellung auseinander:} g5 (26... gxh5 27. Qb1) (26... Nd7 27. Qb1) 27. Qb1 Rg7 28. Ng4) 26... Nd7 27. h5 gxh5 28. Nf6 Nxf6 29. Rxf6 Be7 30. Rxh6 Rxh6 31. Bxh6 Kb7 {Schwarz hat es geschafft, den ersten Ansturm am Königsflügel unbeschadet zu überstehen.} 32. Qb1 Rh8 $2 (32... a5 {war die wilde Hoffnung von Db1, nämlich} 33. bxa5 Rxa5 34. Rxa5 Qxa5 35. Qh7 Qa1+ 36. Nc1 Nxc3 37. Qxf7 Qa3 38. Bg5 {[%csl Ge7] und der Läufer e7 fällt}) (32... Qd8 $1 {war der Wunsch des Schwarzen in der Analyse nach der Partie, um den Königsflügel locker zusammenzuhalten.}) 33. Bg7 $1 Rg8 34. Qh7 Qd8 35. Rc2 h4 36. Nf4 Kb6 37. Nh5 Qe8 38. Nf6 $6 {überhastet. Die Stellung ist ruhig und kontrolliert, Weiß sollte die Stellung erst ruhig weiter verbessern. Etwa so:} (38. Kg1 Bg5 39. f4 Be7 40. Kh2 Bd8 41. f5 {und Weiß beginnt zu ernten, zum Beispiel} Kc6 42. Qh6 (42. Rc1) 42... Kb7 43. fxe6 fxe6 (43... Qxe6 44. Qh7 {[%csl Gg8]} Re8 45. Bf6 Bc7 46. Bxh4) 44. Nf4 {[%csl Ge6]} Kc8 45. Nxe6) 38... Bxf6 39. exf6 Nd6 40. Qxh4 Qa4 41. Rc1 Qa3 42. Qf4 {Schwarz beginnt Gegenspiel zu entwickeln, während Weiß an der Korrdinierung seiner Figuren arbeitet, die Dame will nach e1.} Kc6 43. Qd2 Nf5 44. Qe1 Kb7 45. Ra1 Qb3 $2 (45... Qb2 46. b5 $5 {ist ein interessanter Angriffsversuch}) 46. Qc1 $1 {mit Damenfang! Hier schien mir die Partie entschieden, doch mein Gegner findet noch einige Zeit zähe Gegenchancen.} Nxd4 47. cxd4 Qd3+ 48. Kg1 Qxd4 49. Qa3 Qb6 50. b5 Rc8 51. bxa6+ Ka7 52. Bh6 d4 53. Bf4 {Weiß wünscht sich ein Eindringen auf der siebten Reihe mit De7+ und Dxf7, und der Läufer versucht c7 und e5 zu kontrollieren.} Rc5 54. Qa4 (54. Be5 $3 {wäre schon jetzt ein entscheidender Knaller gewesen, der beide weiße Wünsche sofort schon möglich macht.} Rxe5 55. Qe7+ Ka8 56. Qe8+ Qb8 (56... Ka7 57. Qxf7+ Ka8 58. Qe8+ Ka7 59. Qd7+ Ka8 60. f7 Rf5 61. a7) 57. Qc6+ Ka7 58. Qd7+ Ka8 (58... Kb6 59. Rb1+) 59. a7) 54... Qb5 55. Qd1 e5 56. Rb1 Qxa6 $6 (56... Qc6 {wäre zäher gewesen. Einfach} 57. Bg5 {kann dann gut genug sein, noch dynamischer ist aber z.B. das verpflichtende} (57. Rb7+ Kxa6 58. Rxf7 exf4 {mit Läufer-Rückopfer und Abwicklung in ein wegen dem f-Freibauern gewonnenes Damenendspiel} 59. Qa1+ Ra5 (59... Kb5 60. Ra7 $1 Qc8 61. f7) 60. Ra7+ Kxa7 61. Qxa5+ Kb8 62. Qd8+ Kb7 63. f7)) 57. Bxe5 {[%emt 0:01:00]} 1-0